|
|
|
|
| LEADER |
00000nab a2200000 a 4500 |
| 001 |
vtls000894839 |
| 003 |
SK-MaSNL |
| 005 |
20260304183159.0 |
| 008 |
040720e19960122xo 0 slo |
| 035 |
|
|
|a KE3871
|
| 040 |
|
|
|a KEVKJB
|b slo
|c KEVKJB
|e AACR2
|
| 041 |
0 |
|
|a slo
|
| 044 |
|
|
|a xo
|c SK
|
| 080 |
|
|
|a 378.662
|2 1981
|
| 100 |
0 |
|
|a jav
|4 aut
|9 877976
|
| 245 |
1 |
0 |
|a Sú potrebné dve školy rovnakého zamerania ?
|b Akademická obec nesúhlasí s rozdelením TU
|
| 610 |
2 |
7 |
|a Technická univerzita v Košiciach
|2 KEVKJB
|9 172333
|
| 650 |
0 |
7 |
|a rozdelenie školy
|2 KEVKJB
|9 1514782
|
| 650 |
0 |
7 |
|a stanoviská nesúhlasné
|2 KEVKJB
|9 879265
|
| 650 |
0 |
7 |
|a informácie
|2 KEVKJB
|9 1285
|
| 651 |
|
7 |
|a Košice (Slovensko)
|2 KEVKJB
|9 18694
|
| 651 |
|
7 |
|a KE,
|2 KEVKJB
|9 877256
|
| 651 |
|
7 |
|a KE,
|2 KEVKJB
|9 877256
|
| 655 |
|
7 |
|a periodikum
|2 snkbucl
|9 29553
|
| 710 |
2 |
|
|a Technická univerzita v Košiciach
|4 aut
|9 172333
|
| 773 |
0 |
8 |
|t Košický večer
|g Roč. 7
|g Roč. 28, č.14, 22.1.1996, s. 3
|
| 852 |
|
|
|a ZVYKNI
|b KIS3GCP
|
| 999 |
|
|
|c 3033613
|d 3035543
|